000 01619cam a22004574i 4500
003 PE-LiUPU
005 20250731165419.0
008 151215s2001 pe grm 000 0 spa d
035 _a(Sirsi) a155516
040 _aPE-LiUPU
_bspa
_cPE-LiUPU
_erda
082 0 4 _a224.5
_bS21 T3
099 _aTT 3
_bS21 2001
100 1 _aSanta Cruz Ruiz, José Luis
_eautor
245 1 4 _aLas profecías de Daniel : Sus conexiones temáticas y sus derivaciones particulares /
_cJosé Luis Santa Cruz Ruiz.
264 0 _2001.
300 _a130 hojas
_c30 cm
336 _atext
_2rdacontent
337 _aunmediated
_2rdamedia
338 _avolume
_2rdacarrier
502 _aTesis
_b(Mg.) --
_cUniversidad Peruana Unión,
_d2001.
504 _aIncluye referencias
520 3 _aEn las profecias de Daniel, Dios se revela a si mismo y presenta una vislumbre de su soberania. Muestra que el controla la historia, los poderes, los tiempos y los resultados de las actividades humanas en el contexto del conflicto netre el bien y el mal, con quien Dios comparte su reino eterno.
526 _aSEG44
526 _aSEG26
526 _aP151
526 _aP150
526 _aP149
526 _aP146
526 _aP145
526 _aP126
526 _aP125
526 _aP92
526 _aP75
526 _aP74
526 _aP27
526 _aP15
630 0 4 _aBiblia
_pA.T.
_pDaniel
_xComentarios
_vTesis.
596 _a1
942 _2ddc
_cTESIS
999 _aTT 3 S21 2001
_wALPHANUM
_c8191
_iT00421
_lCCODEBUL3
_mBUL
_r1
_sY
_tTESIS
_u2015-12-15
_xPOSGRADO
_PP85
_o.STAFF. Tesis
_d8191
980 _81
_gALBERTO SANCHEZ Responsable de Automatización